Chansons de Francis Cabrel - Statistiques

Statistiques générales
  • Ce quiz a été pris 100 fois
  • Le résultat moyen est 31 sur 155
Statistiques - réponses
Groupe Titre % Correct
Samedi soir sur la Terre 1 La Corrida
92%
Les Chemins de traverse 2 Je l'aime à mourir
83%
Les Murs de poussière 2 Petite Marie
83%
Sarbacane 3 Sarbacane
82%
Samedi soir sur la Terre 4 Samedi soir sur la Terre
80%
Les Murs de poussière 3 Les Murs de poussière
75%
Hors-saison 10 Hors-saison
71%
Photos de voyages 6 Encore et encore
65%
Carte postale 1 Carte postale
62%
Samedi soir sur la Terre 3 La Cabane du pêcheur
62%
Fragile 2 L'Encre de tes yeux
62%
Samedi soir sur la Terre 8 Octobre
58%
Les Chemins de traverse 6 Les Chemins de traverse
57%
Des roses et des orties 7 Des roses et des orties
54%
Samedi soir sur la Terre 5 Je t'aimais, je t'aime, je t'aimerai
54%
À l'aube revenant 9 À l'aube revenant
51%
In extremis 5 In extremis
51%
Fragile 1 La Dame de Haute-Savoie
48%
Sarbacane 2 C'est écrit
46%
Photos de voyages 10 Photos de voyages
46%
Quelqu'un de l'intérieur 9 Quelqu'un de l'intérieur
46%
Des roses et des orties 1 La Robe et l'Échelle
45%
Quelqu'un de l'intérieur 5 Saïd et Mohamed
45%
Sarbacane 1 Animal
37%
Quelqu'un de l'intérieur 7 Leila et les Chasseurs
34%
Les Chemins de traverse 8 C'était l'hiver
32%
Sarbacane 4 Rosie
32%
Des roses et des orties 5 Des hommes pareils
31%
Des roses et des orties 3 Le Chêne liège
31%
Carte postale 4 Répondez-moi
31%
Les Beaux Dégâts 2 Bonne Nouvelle
28%
Samedi soir sur la Terre 7 L'arbre va tomber
28%
Samedi soir sur la Terre 9 Le Noceur
28%
Samedi soir sur la Terre 6 Les Vidanges du diable
28%
Carte postale 5 Ma place dans le trafic
28%
Samedi soir sur la Terre 2 Assis sur le rebord du monde
26%
Hors-saison 12 Madame X
26%
Des roses et des orties 2 Les Cardinaux en costume
25%
Quelqu'un de l'intérieur 2 La fille qui m'accompagne
23%
Sarbacane 9 Petite Sirène
23%
Sarbacane 8 Dormir debout
22%
Sarbacane 5 Tout le monde y pense
22%
Sarbacane 7 J'ai peur de l'avion
20%
Des roses et des orties 10 Madame n'aime pas
20%
Des roses et des orties 6 Mademoiselle l'aventure
20%
Quelqu'un de l'intérieur 1 Question d'équilibre
20%
In extremis 4 Azincourt
18%
Les Beaux Dégâts 11 Elle dort
18%
Fragile 5 Elle écoute pousser les fleurs
18%
Fragile 6 Je pense encore à toi
18%
À l'aube revenant 3 Les Bougies fondues
18%
Quelqu'un de l'intérieur 10 Les Chevaliers cathares
18%
À l'aube revenant 2 Te ressembler
18%
Photos de voyages 1 Tourner les hélicos
18%
Des roses et des orties 11 Des gens formidables
17%
Hors-saison 1 Le monde est sourd
17%
Hors-saison 4 Le Reste du temps
17%
Des roses et des orties 8 Né dans le bayou
17%
À l'aube revenant 6 Rockstars du Moyen Âge
17%
Les Beaux Dégâts 5 Telecaster
17%
Hors-saison 2 Cent ans de plus
15%
Carte postale 9 Chauffard
15%
Hors-saison 9 Hell nep Avenue
15%
Sarbacane 10 Le Pas des ballerines
15%
Samedi soir sur la Terre 10 Tôt ou tard s'en aller
15%
Des roses et des orties 9 African Tour
14%
Carte postale 6 Chandelle
14%
À l'aube revenant 10 Chanson pour Jacques
14%
Photos de voyages 5 Gitans
14%
À l'aube revenant 4 Jusqu'aux pôles
14%
Des roses et des orties 4 Le Cygne blanc
14%
In extremis 9 Les Tours gratuits
14%
Quelqu'un de l'intérieur 3 Le temps s'en allait
14%
Hors-saison 3 Presque rien
14%
Vise le ciel 2 Quinn l'Esquimau
14%
Hors-saison 5 Rien de nouveau
14%
Les Chemins de traverse 7 Une star à sa façon
14%
Vise le ciel 1 Comme une femme
12%
Hors-saison 7 Depuis toujours
12%
Sarbacane 6 Je sais que tu danses
12%
Photos de voyages 4 Je te suivrai
12%
Hors-saison 11 La Belle Debbie
12%
Hors-saison 6 Loin devant
12%
Les Murs de poussière 1 Ma ville
12%
In extremis 7 Partis pour rester
12%
Les Beaux Dégâts 9 S'abriter de l'orage
12%
Hors-saison 8 Comme eux
11%
Fragile 11 Dernière Chanson
11%
Photos de voyages 9 Docteur
11%
Des roses et des orties 13 Elle m'appartient (C'est une artiste)
11%
À l'aube revenant 5 Fort Alamour
11%
Les Beaux Dégâts 4 Le Danseur
11%
Quelqu'un de l'intérieur 6 L'enfant qui dort
11%
Les Beaux Dégâts 6 Les Gens absents
11%
Les Chemins de traverse 3 Les pantins de naphtaline
11%
Les Chemins de traverse 5 Les Voisins
11%
Des roses et des orties 12 L'Ombre au tableau
11%
Photos de voyages 3 Qu'est-ce que je viens de dire ?
11%
Les Beaux Dégâts 3 Qu'est-ce que t'en dis ?
11%
Les Murs de poussière 11 Automne
9%
Carte postale 7 Comme une madone oubliée
9%
Fragile 7 Cool papa cool
9%
Quelqu'un de l'intérieur 8 Dame d'un soir
9%
In extremis 1 Dur comme fer
9%
Les Beaux Dégâts 8 Elles nous regardent
9%
Carte postale 10 Je m'ennuie de chez moi
9%
In extremis 10 La Voix du crooner
9%
In extremis 3 Le Pays d'à côté
9%
Les Beaux Dégâts 1 Les Faussaires
9%
Photos de voyages 8 Lisa
9%
À l'aube revenant 13 Ode à l'amour courtois
9%
Fragile 8 Si tu la croises un jour
9%
Les Beaux Dégâts 7 Tu me corresponds
9%
In extremis 2 À chaque amour que nous ferons
8%
À l'aube revenant 11 J'écoutais Sweet Baby James
8%
Vise le ciel 4 Je te veux
8%
Les Beaux Dégâts 12 Je te vois venir (tu pars)
8%
Photos de voyages 7 Le Lac Huron
8%
À l'aube revenant 1 Les beaux moments sont trop courts
8%
Les Chemins de traverse 9 Mais le matin
8%
In extremis 8 Mandela, pendant ce temps
8%
À l'aube revenant 8 Parlons-nous
8%
À l'aube revenant 7 Peuple des fontaines
8%
Les Beaux Dégâts 10 Tête saoule
8%
Les Murs de poussière 9 Change de docteur
6%
In extremis 6 Dans chaque cœur
6%
Fragile 3 De l'autre côté de toi
6%
Fragile 9 Le Petit Gars
6%
In extremis 12 Les Fontaines du jazz
6%
Photos de voyages 2 L'Homme qui marche
6%
Carte postale 2 Même si j'y reste
6%
In extremis 11 Pas si bêtes
6%
À l'aube revenant 12 Difficile à croire
5%
Quelqu'un de l'intérieur 4 Édition spéciale
5%
Les Chemins de traverse 4 Je rêve
5%
Les Murs de poussière 7 Madeleine
5%
Les Chemins de traverse 10 Monnaie blues
5%
Les Chemins de traverse 1 Souviens-toi de nous
5%
Vise le ciel 9 Tout se finit là, bébé bleu
5%
Carte postale 8 Tu es toujours la même
5%
Les Murs de poussière 10 Ami
3%
Vise le ciel 11 Comme Blind Willie Mc Tell
3%
Vise le ciel 3 D'en haut de la tour du guet
3%
Carte postale 3 Elle s'en va vivre ailleurs
3%
Vise le ciel 8 Il faudra que tu serves quelqu'un
3%
Les Murs de poussière 6 Je m'étais perdu
3%
Les Murs de poussière 4 Je reviens bientôt
3%
Vise le ciel 7 La Dignité
3%
Les Murs de poussière 8 L'instant d'amour
3%
Fragile 10 Plus personne
3%
Fragile 4 Trop grand maintenant
3%
Vise le ciel 6 Un simple coup du sort
3%
Les Murs de poussière 5 Imagine toi
2%
Vise le ciel 10 L'Histoire d'Hollis Brown
2%
Vise le ciel 5 On ne va nulle part
2%
Aucun quiz correspondant
Distribution des résultats
% des personnes avec chaque résultat
Percentile par nombre de réponses
Votre historique - résultats
Vous n’avez pas pris ce quiz